Music Quiz

Random Music Quiz

Lazy Eye Lyrics Quiz Stats

Quiz not verified by Sporcle

Also try: Name That Musician
Challenge
Share
Tweet
Embed
Score 0/146 Timer 05:00
0 Plays Today
% Correct
And
98.2%
a
98.2%
and
98.2%
and
98.2%
the
98.2%
the
98.2%
the
98.2%
and
98.2%
the
98.2%
the
98.2%
the
98.2%
and
98.2%
the
98.2%
this
96.4%
this
96.4%
this
96.4%
I
96.4%
i
96.4%
I
96.4%
this
96.4%
I've
94.5%
I've
94.5%
for
94.5%
my
94.5%
I've
94.5%
I've
94.5%
for
94.5%
I've
94.5%
I've
94.5%
for
94.5%
been
92.7%
waiting
92.7%
been
92.7%
waiting
92.7%
moment
92.7%
all
92.7%
life
92.7%
been
92.7%
waiting
92.7%
been
92.7%
waiting
92.7%
all
92.7%
to
92.7%
lazy
92.7%
eye
92.7%
to
92.7%
lazy
92.7%
eye
92.7%
to
92.7%
% Correct
been
92.7%
waiting
92.7%
been
92.7%
waiting
92.7%
moment
92.7%
but
90.9%
it's
90.9%
not
90.9%
it's
90.9%
it's
90.9%
it's
90.9%
it's
90.9%
quite
89.1%
right
89.1%
so
87.3%
so
87.3%
so
87.3%
so
87.3%
so
87.3%
so
87.3%
on
85.5%
you
85.5%
time
83.6%
impossible
81.8%
night
81.8%
of
81.8%
same
81.8%
same
81.8%
long
78.2%
with
78.2%
with
78.2%
with
78.2%
silence
76.4%
just
76.4%
matter
76.4%
'ol
76.4%
'ol
76.4%
whose
74.5%
rest
74.5%
sun
74.5%
sun
74.5%
possible
74.5%
word
72.7%
unheard
72.7%
clear
69.1%
appear
67.3%
that
65.5%
that
65.5%
sky
65.5%
% Correct
sky
65.5%
sad
63.6%
decent
63.6%
fixed
63.6%
decent
63.6%
if
63.6%
untrue
61.8%
'real'
60%
loaded
60%
blind
58.2%
everyone
58.2%
focus
58.2%
everyone
58.2%
focus
58.2%
room
58.2%
room
58.2%
shine
54.5%
shine
54.5%
why
54.5%
rearranged
52.7%
clearly
52.7%
rearranged
52.7%
clearly
52.7%
your
52.7%
relate
52.7%
relate
52.7%
relate
52.7%
we
50.9%
lost
49.1%
said
49.1%
said
49.1%
at
49.1%
such
47.3%
still
47.3%
that's
47.3%
yet
45.5%
everyone's
45.5%
everyone's
45.5%
intimately
43.6%
intimately
43.6%
can
40%
can
40%
gaze
40%
free
38.2%
fun
38.2%
aim
32.7%
through
27.3%
straight
20%

You're not logged in!

Compare scores with friends on all Sporcle quizzes.
Join for Free
OR
Log In

You Might Also Like...

Show Comments

Extras

Created Sep 30, 2010ReportNominate
Tags:eye

Top Quizzes Today


Score Distribution

Your Account Isn't Verified!

In order to create a playlist on Sporcle, you need to verify the email address you used during registration. Go to your Sporcle Settings to finish the process.

Report this User

Report this user for behavior that violates our Community Guidelines.

Details: